Govt. of
Madhya Pradesh

International Relations for general studies Preliminary and main Examination (Record no. 66750)

MARC details
000 -LEADER
fixed length control field 00420nam a22001577a 4500
003 - CONTROL NUMBER IDENTIFIER
control field macl
005 - DATE AND TIME OF LATEST TRANSACTION
control field 20240201160111.0
008 - FIXED-LENGTH DATA ELEMENTS--GENERAL INFORMATION
fixed length control field 240201b |||||||| |||| 00| 0 eng d
040 ## - CATALOGING SOURCE
Transcribing agency macl
082 ## - DEWEY DECIMAL CLASSIFICATION NUMBER
Classification number 320
100 ## - MAIN ENTRY--PERSONAL NAME
Personal name Pavneet Singh
9 (RLIN) 82291
245 ## - TITLE STATEMENT
Title International Relations for general studies Preliminary and main Examination
260 ## - PUBLICATION, DISTRIBUTION, ETC. (IMPRINT)
Place of publication, distribution, etc. chennai
Name of publisher, distributor, etc. Mcgrawhill
Date of publication, distribution, etc. 2023
650 ## - SUBJECT ADDED ENTRY--TOPICAL TERM
Topical term or geographic name as entry element Political
942 ## - ADDED ENTRY ELEMENTS (KOHA)
Source of classification or shelving scheme
Koha item type Books
Holdings
Withdrawn status Lost status Source of classification or shelving scheme Damaged status Not for loan Home library Current library Date acquired Cost, normal purchase price Total Checkouts Full call number Barcode Date last seen Date last checked out Price effective from Koha item type
          MACL MACL 01/02/2024 570.00 4 320 DPI001557 31/01/2026 15/01/2026 01/02/2024 Books